Stopercentný Huk, zabávač Michalík (tentoraz) neúspešný boli sme v Dunajskej Strede na zimnej príprave FC DAC 1904

Bibliographic Details
Main Author: Antol, Miroslav (Author)
Format: Article
Language:Slovak
PhysicalDescription:Fotogr.
ISSN:0139-7001
Subjects:

MARC

LEADER 00000nab a2200000 a 4500
001 vtls011610654
003 SK-MaSNL
005 20260303083520.0
008 170213|20170213xo dr | 000 0|slo
015 |a SNBRB2017/02 
038 |a DSZK 
040 |a DSZK  |b slo  |c DSZK  |e AACR2 
041 0 |a slo 
044 |a xo  |c SK 
080 |a 793.332.071.2  |x (437.612)  |2 2011 
100 1 |a Antol, Miroslav  |4 aut  |9 348245 
245 1 0 |a Stopercentný Huk, zabávač Michalík (tentoraz) neúspešný  |b boli sme v Dunajskej Strede na zimnej príprave FC DAC 1904  |c Miroslav Antol 
300 |b Fotogr. 
610 2 7 |a FK DAC 1904 Dunajská Streda  |2 dszk  |9 117991 
650 0 7 |a futbalsti  |2 dszk  |9 1090142 
651 7 |a Dunajská Streda (Slovensko)  |2 SNKPH  |9 17375 
773 0 |t Šport  |g Roč. 71, č. 36 (13.2.2017), s. 2  |x 0139-7001 
852 |a DSZK  |b KIS3GCP 
958 |a SK 
999 |c 1791921  |d 1793851